000 01267nam0a22002891 4500
001 rc\262836
005 20240521155716.0
010 _a5-250-02609-5
_92000
035 _a(NLR Aleph) 005468635
090 _a5024774
_c5024774
100 _a20030307d1996 u |0rusy50 ca
101 0 _arus
102 _aRU
105 _ay |||||||||
200 1 _aРЕЛИГИОЗНЫЕ объединения Российской Федерации
_eСправ.
_fАппарат Совета Федерации Федер. собр. Рос. Федерации. Аналит. упр.
_g[Сост.: Иваненко С.И. к. филос. н. и др.
_gПод общ. ред. М.М. Прусака, В.В. Борщева]
210 _aМ.
_cРеспублика
_d1996
215 _a271 с.
_d18
320 _aБиблиогр.: с. 271
702 1 _aИваненко
_bС. И.
_f1953-
_gСергей Игоревич
_3RU\NLR\AUTH\7714003
_4220
702 1 _aПрусак
_bМ. М.
_4340
712 0 1 _aРоссийская Федерация
_bСовет Федерации
_bАналитическое управление
_3RU\NLR\AUTH\889938407
_4570
801 0 _aRU
_bNLR
_gpsbo
801 1 _aRU
_bELAR
_2rusmarc
852 _aNLR
_j97-2/5
942 _cBOOK
980 _aNB